000 004990000a22001810004500
003 MACL
005 20160305141436.0
008 160305b xxu||||| |||| 00| 0 eng d
040 _aMACL
_cMACL
041 _aHindi
082 _a891.432
100 _aकमलेश्‍वर
_936783
245 _aखडिया का घेरा
260 _bअक्षर प्रकाशन
_c1981
_aदिल्‍ली
350 _a18
650 _aDrama
_943107
942 _cHIN
_k891.432
_2ddc
999 _c28678
_d28678